[Event "Hamburg-chB"]
[Site "Hamburg"]
[Date "2019.06.10"]
[Round "3"]
[White "Malchereck, Romeo"]
[Black "Lu, Yunong Elias"]
[Result "1/2-1/2"]
[WhiteElo "1244"]
[BlackElo "1341"]
[PlyCount "54"]
[EventDate "2019.06.08"]
[EventType "swiss"]
[EventRounds "7"]
[EventCountry "GER"]
[SourceTitle "EXT 2022"]
[Source "ChessBase"]
[SourceDate "2021.10.06"]
[SourceVersion "1"]
[SourceVersionDate "2021.10.06"]
[SourceQuality "1"]

1. e4 e5 2. Nf3 Nc6 3. Bc4 Bc5 4. 0-0 Nf6 5. d3 h6 6. c3 d6 7. Be3 Bb6 8. Re1 0-0 9. Nbd2 Ne7 10. Bxb6 axb6 11. d4 Ng6 12. dxe5 Nxe5 13. Nxe5 dxe5 14. Nf3 Qxd1 15. Raxd1 Bg4 16. a3 Rad8 17. Rd3 Bxf3 18. gxf3 Rxd3 19. Bxd3 Rd8 20. Rd1 Kf8 21. Bc2 Rxd1+ 22. Bxd1 Ke7 23. Kf1 Nh5 24. Ke2 Nf4+ 25. Ke3 f6 26. Bb3 Kd6 27. Ba2 Kc5 1/2-1/2

[Event "GER-chT U10"]
[Site "Magdeburg"]
[Date "2018.12.27"]
[Round "1.4"]
[White "Mueller, Josef"]
[Black "Malchereck, Romeo"]
[Result "1-0"]
[WhiteElo "1220"]
[BlackElo "1124"]
[PlyCount "66"]
[EventDate "2018.12.27"]
[EventType "team-swiss"]
[EventRounds "7"]
[EventCountry "GER"]
[SourceTitle "CBM 188 Extra"]
[Source "ChessBase"]
[SourceDate "2019.02.26"]
[SourceVersion "1"]
[SourceVersionDate "2019.02.26"]
[SourceQuality "1"]
[WhiteTeam "Kitzscher"]
[BlackTeam "Hamburger SK"]
[WhiteTeamCountry "GER"]
[BlackTeamCountry "GER"]

1. e4 d5 2. exd5 Nf6 3. d4 Nxd5 4. Nf3 Nc6 5. Bb5 Bd7 6. 0-0 g6 7. Re1 Bg7 8. c3 0-0 9. Nbd2 Re8 10. Ne4 a6 11. Ba4 Nb6 12. Bc2 e5 13. Nc5 Rb8 14. Bg5 Bf6 15. Bxf6 Qxf6 16. dxe5 Qe7 17. Nd3 Nc4 18. Bb3 N6a5 19. Bxc4 Nxc4 20. b3 Nb6 21. h3 Rbd8 22. Qc2 Bf5 23. Nd4 Bxd3 24. Qxd3 c5 25. Qe3 cxd4 26. cxd4 Rc8 27. Rac1 Nd5 28. Qe4 Nb4 29. a3 Na2 30. Rxc8 Rxc8 31. Re3 Rc3 32. Rxc3 Nxc3 33. Qf3 Qc7 1-0

[Event "Hamburg-chB"]
[Site "Hamburg"]
[Date "2017.06.03"]
[Round "1"]
[White "Movsisyan, Vruyr"]
[Black "Malchereck, Romeo"]
[Result "1-0"]
[WhiteElo "1134"]
[BlackElo "835"]
[PlyCount "77"]
[EventDate "2017.06.03"]
[EventType "swiss"]
[EventRounds "6"]
[EventCountry "GER"]
[SourceTitle "CBM 179 Extra"]
[Source "ChessBase"]
[SourceDate "2017.08.23"]
[SourceVersion "1"]
[SourceVersionDate "2017.08.23"]
[SourceQuality "1"]

1. e4 e5 2. Nf3 Nc6 3. Bc4 Bc5 4. d3 Nf6 5. Be3 d6 6. 0-0 0-0 7. Nc3 Bg4 8. h3 Bh5 9. Nd5 Nd4 10. Bxd4 Bxd4 11. c3 Bb6 12. Nxb6 axb6 13. Re1 g5 14. g4 Nxg4 15. hxg4 Bxg4 16. d4 exd4 17. cxd4 c5 18. dxc5 dxc5 19. Qxd8 Raxd8 20. Nxg5 h6 21. Nxf7 Rxf7 22. Bxf7+ Kxf7 23. Kg2 Rg8 24. Kg3 Be6+ 25. Kf4 Rh8 26. Rad1 h5 27. Rd6 h4 28. Ke5 Rh6 29. f4 Ke7 30. f5 h3 31. Rxe6+ Rxe6+ 32. fxe6 b5 33. Rh1 b4 34. Rxh3 b5 35. Rh7+ Ke8 36. Kd6 b3 37. axb3 c4 38. bxc4 Kd8 39. Rh8# 1-0